[Event "LEM 2019"]
[Site "?"]
[Date "2019.10.31"]
[Round "1.1"]
[White "Post, Hugo"]
[Black "Heinrich, Julius Tobias"]
[Result "1-0"]
[WhiteElo "2204"]
[BlackElo "2099"]
[PlyCount "51"]
[EventDate "2019.??.??"]

1. e4 e6 2. d4 d5 3. Nd2 Nf6 4. e5 Nfd7 5. Bd3 c5 6. c3 Nc6 7. Ne2 Qb6 8. Nf3
Be7 9. O-O O-O 10. Nf4 Re8 11. Qd2 cxd4 12. cxd4 f6 13. Bc2 fxe5 14. dxe5 Nf8
15. a3 Na5 16. Qe2 Bd7 17. Be3 Qd8 18. Nd2 a6 19. Qg4 Kh8 20. Nh5 g6 21. Bh6
Qc7 22. Rac1 Qb6 23. Bg7+ Kg8 24. Bxf8 Kxf8 25. Bxg6 hxg6 26. Qxg6 1-0

[Event "LEM 2019"]
[Site "?"]
[Date "2019.10.31"]
[Round "1.2"]
[White "Paul, Johannes"]
[Black "Ozeran, Wladimir"]
[Result "1-0"]
[WhiteElo "2364"]
[BlackElo "2073"]
[PlyCount "63"]
[EventDate "2019.??.??"]

1. c4 c5 2. Nf3 Nc6 3. Nc3 g6 4. g3 Bg7 5. Bg2 e6 6. a3 Nge7 7. b4 cxb4 8. axb4
Nxb4 9. Ba3 Nbc6 10. d4 O-O 11. O-O d5 12. cxd5 exd5 13. e3 Re8 14. Nb5 Nf5 15.
g4 Nh6 16. Nd6 Re6 17. Nxc8 Rxc8 18. Ne1 Bf8 19. Bxf8 Kxf8 20. Nd3 Kg7 21. h3
Rc7 22. Qb3 Rd6 23. Rfc1 Ng8 24. Nc5 b6 25. Na6 Na5 26. Qb5 Rxc1+ 27. Rxc1 Qd7
28. Qd3 Nc6 29. Qa3 Nge7 30. Bf1 Qe6 31. Nc7 Qd7 32. Qxd6 1-0

[Event "LEM 2019"]
[Site "?"]
[Date "2019.10.31"]
[Round "1.3"]
[White "Oswald, Michael"]
[Black "Schulte, Felix"]
[Result "0-1"]
[WhiteElo "1961"]
[BlackElo "2097"]
[PlyCount "40"]
[EventDate "2019.??.??"]

1. d4 Nf6 2. c4 c5 3. d5 b5 4. cxb5 a6 5. Nc3 axb5 6. e4 b4 7. Nb5 d6 8. Bf4 g5
9. Bxg5 Nxe4 10. Bf4 Nf6 11. Bc4 Bg7 12. Nf3 Nbd7 13. Qd3 Nb6 14. O-O O-O 15.
Nh4 Bd7 16. Nxd6 exd6 17. Bxd6 Re8 18. Bxc5 Nxc4 19. Rfe1 Ne5 20. Qd4 Nfg4 0-1

[Event "LEM 2019"]
[Site "?"]
[Date "2019.10.31"]
[Round "1.4"]
[White "Zeuner, Ole"]
[Black "Geue, Niklas"]
[Result "1/2-1/2"]
[WhiteElo "2006"]
[BlackElo "2016"]
[PlyCount "34"]
[EventDate "2019.??.??"]

1. d4 Nf6 2. Bf4 d5 3. e3 c5 4. dxc5 Nc6 5. Bb5 e6 6. b4 a5 7. c3 Bd7 8. Qb3
Nh5 9. Ne2 Nxf4 10. Nxf4 g5 11. Nh5 g4 12. h4 gxh3 13. Rxh3 Qg5 14. Nf4 Qf6 15.
Nh5 Qg5 16. Nf4 Qf6 17. Nh5 Qg5 1/2-1/2

[Event "LEM 2019"]
[Site "?"]
[Date "2019.10.31"]
[Round "2.1"]
[White "Heinrich, Julius Tobias"]
[Black "Geue, Niklas"]
[Result "1/2-1/2"]
[WhiteElo "2099"]
[BlackElo "2016"]
[PlyCount "77"]
[EventDate "2019.??.??"]

1. e4 e6 2. d4 d5 3. e5 c5 4. c3 Nc6 5. Nf3 Bd7 6. a3 Nge7 7. Bd3 cxd4 8. cxd4
Nf5 9. Be3 Be7 10. Nc3 Nxe3 11. fxe3 O-O 12. O-O f6 13. Qc2 f5 14. Kh1 Rc8 15.
Qe2 Na5 16. Nd2 Qb6 17. Rab1 g6 18. h3 Nb3 19. Kh2 Kg7 20. Nxb3 Qxb3 21. Rfc1
Bg5 22. g3 Rc7 23. Bc2 Qc4 24. Bd3 Qb3 25. Bc2 Qb6 26. Ba4 Be7 27. Bxd7 Rxd7
28. Na4 Qb3 29. Nc5 Bxc5 30. Rxc5 Rff7 31. Rbc1 h6 32. R1c3 Qb6 33. Qc2 Qa6 34.
Kg2 g5 35. b4 Qb6 36. Rc8 Rde7 37. Rb8 Rc7 38. Rc8 Rce7 39. Rb8 1/2-1/2

[Event "LEM 2019"]
[Site "?"]
[Date "2019.10.31"]
[Round "2.2"]
[White "Schulte, Felix"]
[Black "Zeuner, Ole"]
[Result "1-0"]
[WhiteElo "2097"]
[BlackElo "2006"]
[PlyCount "57"]
[EventDate "2019.??.??"]

1. e3 c5 2. d4 e6 3. Nf3 Nf6 4. c4 cxd4 5. Nxd4 Nc6 6. Be2 Bc5 7. Nc3 O-O 8.
O-O a6 9. Nb3 Ba7 10. e4 d6 11. Bg5 Ne5 12. Kh1 h6 13. Bh4 Bb8 14. f4 Ng6 15.
Bg3 Bd7 16. Bd3 Ne7 17. e5 Ne8 18. Nd4 Nc6 19. Nxc6 Bxc6 20. f5 exf5 21. Bxf5
Qe7 22. b4 b5 23. Nd5 Qd8 24. e6 Bxd5 25. Qxd5 Nc7 26. exf7+ Kh8 27. Qxd6 Qxd6
28. Bxd6 Rxf7 29. Be4 1-0

[Event "LEM 2019"]
[Site "?"]
[Date "2019.10.31"]
[Round "2.3"]
[White "Ozeran, Wladimir"]
[Black "Oswald, Michael"]
[Result "1-0"]
[WhiteElo "2073"]
[BlackElo "1961"]
[PlyCount "61"]
[EventDate "2019.??.??"]

1. d4 f5 2. g3 Nf6 3. Bg2 e6 4. Nf3 Be7 5. O-O O-O 6. c4 Ne4 7. d5 Bf6 8. Nd4
Qe8 9. f3 Bxd4+ 10. Qxd4 e5 11. Qd3 Nf6 12. Qxf5 Nxd5 13. Qd3 Nb4 14. Qb3 a5
15. a3 N4c6 16. Nc3 Nd4 17. Qd1 d6 18. f4 a4 19. Bd5+ Kh8 20. fxe5 Rxf1+ 21.
Qxf1 Nb3 22. Bh6 Nd7 23. Rd1 Nxe5 24. Ne4 Ng4 25. Bf4 Be6 26. Qf3 Bxd5 27. Rxd5
Nf6 28. Nxf6 gxf6 29. Bg5 f5 30. Rxf5 Qg6 31. Bf6+ 1-0

[Event "LEM 2019"]
[Site "?"]
[Date "2019.10.31"]
[Round "2.4"]
[White "Post, Hugo"]
[Black "Paul, Johannes"]
[Result "1/2-1/2"]
[WhiteElo "2204"]
[BlackElo "2364"]
[PlyCount "99"]
[EventDate "2019.??.??"]

1. e4 c5 2. Nf3 Nc6 3. d4 cxd4 4. Nxd4 Nf6 5. Nc3 e5 6. Ndb5 d6 7. Bg5 a6 8.
Na3 b5 9. Nd5 Be7 10. Bxf6 Bxf6 11. c3 Bg5 12. Nc2 Rb8 13. Be2 O-O 14. O-O a5
15. Na3 Na7 16. Qd3 Be6 17. Rfd1 g6 18. Ne3 Qb6 19. Nac2 Rbd8 20. Nd5 Bxd5 21.
Qxd5 Kh8 22. Rd3 f5 23. Rf3 b4 24. cxb4 axb4 25. exf5 gxf5 26. Rb3 Nc6 27. Qb5
Qc5 28. Bc4 Rb8 29. Qxc5 dxc5 30. Rd3 Nd4 31. Nxd4 cxd4 32. Re1 Rbc8 33. b3
Rfe8 34. g3 Kg7 35. f4 exf4 36. Rxe8 Rxe8 37. Rxd4 fxg3 38. Rd7+ Kf6 39. hxg3
h5 40. Rf7+ Ke5 41. Rh7 h4 42. gxh4 Be3+ 43. Kg2 Kf4 44. Rb7 Bd2 45. Rd7 Bc3
46. h5 Ra8 47. h6 Rxa2+ 48. Kh3 Kg5 49. Rd5 Kxh6 50. Rxf5 1/2-1/2

[Event "LEM"]
[Site "?"]
[Date "2019.11.01"]
[Round "3.1"]
[White "Paul, Johannes"]
[Black "Heinrich, Julius Tobias"]
[Result "1-0"]
[WhiteElo "2364"]
[BlackElo "2099"]
[PlyCount "97"]
[EventDate "2019.??.??"]

1. d4 d5 2. c4 e6 3. Nc3 Nf6 4. cxd5 exd5 5. Bg5 Be7 6. e3 c6 7. Bd3 Nbd7 8.
Nge2 h6 9. Bh4 O-O 10. O-O Ne4 11. Bxe7 Qxe7 12. Qc2 Ndf6 13. Rae1 Bf5 14. Nf4
g5 15. f3 gxf4 16. fxe4 dxe4 17. Be2 Nd5 18. Nxd5 cxd5 19. Rxf4 Be6 20. Bd1 f5
21. Ref1 Kh7 22. Qf2 Qg5 23. Rh4 Rac8 24. Rh5 Qg6 25. Qf4 Rc1 26. Rh3 Rg8 27.
Rg3 Qf7 28. Rxg8 Qxg8 29. h4 Qg7 30. Bh5 Qc7 31. Rxc1 Qxc1+ 32. Kh2 Qc8 33. Qd6
Qd7 34. Qxd7+ Bxd7 35. Bf7 Bc6 36. Kg3 Kg7 37. Be6 Kf6 38. Bc8 b6 39. Kf4 Be8
40. Bxf5 h5 41. Bc8 Bf7 42. Bd7 Ke7 43. Bc6 Kf6 44. g4 hxg4 45. Kxg4 Be6+ 46.
Kf4 Bf7 47. h5 Ke6 48. h6 Bg6 49. Kg5 1-0

[Event "LEM"]
[Site "?"]
[Date "2019.11.01"]
[Round "3.2"]
[White "Oswald, Michael"]
[Black "Post, Hugo"]
[Result "1-0"]
[WhiteElo "1961"]
[BlackElo "2204"]
[PlyCount "105"]
[EventDate "2019.??.??"]

1. e4 c5 2. Nf3 e6 3. d4 cxd4 4. Nxd4 Nf6 5. Nc3 Nc6 6. Bf4 Bb4 7. Ndb5 Nxe4 8.
Nc7+ Kf8 9. Qd3 d5 10. f3 Nc5 11. Qd2 Rb8 12. a3 Ba5 13. N7xd5 exd5 14. Bxb8 d4
15. b4 Qe7+ 16. Qe2 dxc3 17. Qxe7+ Kxe7 18. Bf4 Ne6 19. Be3 Bc7 20. b5 Ncd4 21.
Bd3 Bd7 22. a4 Bf4 23. Kf2 Bxe3+ 24. Kxe3 f5 25. Rhb1 f4+ 26. Kf2 Kf6 27. Rb4
Rc8 28. Re1 Nf5 29. Bxf5 Kxf5 30. Ree4 g5 31. Rec4 Rc5 32. Ke2 b6 33. Kd3 Ke5
34. Kxc3 Be8 35. Rb1 Bg6 36. Re1+ Kf6 37. Re2 h5 38. h3 Rxc4+ 39. Kxc4 Ng7 40.
Kd5 Nf5 41. c3 Ne3+ 42. Kc6 Bd3 43. Rf2 Bc2 44. Kb7 Bxa4 45. Rb2 Ke6 46. Kxa7
Kd6 47. Rb4 Bc2 48. Kxb6 Nd5+ 49. Ka7 Ne7 50. b6 Nc6+ 51. Ka8 Bd3 52. b7 Bf1
53. Rb6 1-0

[Event "LEM"]
[Site "?"]
[Date "2019.11.01"]
[Round "3.3"]
[White "Zeuner, Ole"]
[Black "Ozeran, Wladimir"]
[Result "1-0"]
[WhiteElo "2006"]
[BlackElo "2073"]
[PlyCount "55"]
[EventDate "2019.??.??"]

1. e4 d6 2. d4 Nf6 3. Nc3 e5 4. Nf3 exd4 5. Nxd4 Be7 6. Be2 Bd7 7. Be3 Nc6 8.
h3 Nxd4 9. Qxd4 Bc6 10. O-O-O O-O 11. g4 Nd7 12. Nd5 Bxd5 13. exd5 Bf6 14. Qd2
Re8 15. g5 Be5 16. Bg4 g6 17. f4 Bg7 18. Bd4 f5 19. gxf6 Nxf6 20. Be6+ Kh8 21.
f5 Qe7 22. Rhg1 c5 23. Bc3 Ng8 24. fxg6 h6 25. Rdf1 Rf8 26. Rf7 Rxf7 27. gxf7
Nf6 28. Qg2 1-0

[Event "LEM"]
[Site "?"]
[Date "2019.11.01"]
[Round "3.4"]
[White "Geue, Niklas"]
[Black "Schulte, Felix"]
[Result "1/2-1/2"]
[WhiteElo "2016"]
[BlackElo "2097"]
[PlyCount "44"]
[EventDate "2019.??.??"]

1. b3 d5 2. Bb2 Nd7 3. f4 Ngf6 4. Nf3 c5 5. e3 b6 6. Bb5 Bb7 7. d3 a6 8. Bxd7+
Qxd7 9. Nbd2 e6 10. Qe2 Bd6 11. Ne5 Qc7 12. Ndf3 b5 13. O-O O-O 14. c4 Nd7 15.
Nxd7 Qxd7 16. Ne5 Bxe5 17. fxe5 dxc4 18. dxc4 Qc6 19. Rac1 b4 20. Rf3 Rad8 21.
Rcf1 Rd7 22. Rg3 Rfd8 1/2-1/2